000 00629nam a2200241Ia 4500
003 OSt
005 20221007074853.0
006 a|||||r|||| 00| 0
007 ta
008 221006b |||||||| |||| 00| 0 eng d
024 _a23,785
037 _cTextual
040 _aFLL
_cFLL
_beng
041 _2eng
_aeng
082 _aZ2:194, K4;4
100 _aConsul S.C.
245 0 _aCommentary on the army act, 1950
250 _a2nd
260 _aNew Delhi
_bArmy Educational Stores India
_c1964
300 _axii, 1-253p
_ccm.
942 _hZ2:194, K4;4
_cTEXL
_2CC
999 _c1153973
_d1153973